[Event "Floripa Chess Open 2024"]
[Site "Florianopolis"]
[Date "2024.01.22"]
[Round "3.31"]
[White "Contin, Daniel"]
[Black "Colivet Gamboa, Julio Cesar"]
[Result "0-1"]
[WhiteElo "2203"]
[BlackElo "1976"]
[PlyCount "50"]
[EventDate "2024.01.20"]
[EventRounds "10"]
[EventCountry "BRA"]

1. c4 c5 2. Nc3 Nc6 3. g3 g6 4. Bg2 Bg7 5. e3 d6 6. Nge2 Be6 ({RR} 6... e6 7.
d4 Nge7 8. O-O O-O 9. d5 Ne5 10. b3 exd5 11. cxd5 b6 12. f4 Ng4 13. h3 Nh6 14.
e4 Ba6 15. Bb2 Rc8 16. Qd2 f5 17. e5 Nf7 18. e6 Nh6 19. a4 Kh8 20. Nb5 Ra8 21.
Bxg7+ {Movsesian,S (2672)-Ghaem Maghami,E (2582) Dubai 2014 1-0 (55)}) 7. b3
Nf6 ({RR} 7... Qd7 8. Nf4 Bg4 9. f3 Bf5 10. g4 Be6 11. Nxe6 Qxe6 12. Bb2 O-O-O
13. Qe2 Nf6 14. O-O-O d5 15. g5 d4 16. Na4 Nd7 17. h4 Kb8 18. Bh3 Qd6 19. Qh2
Nde5 20. Qe2 Nb4 21. Kb1 Nec6 22. a3 {Araujo Sanchez,J (2303)-Dubov,D (2708)
chess.com INT 2022 1-0 (59)}) 8. h3 $146 ({RR} 8. O-O O-O 9. Ba3 Qa5 10. Bb2
Rfd8 11. e4 a6 12. a3 Qb6 13. Rb1 Bg4 14. f3 Be6 15. Nd5 Bxd5 16. exd5 Ne5 17.
d4 Ned7 18. Kh1 Qc7 19. Nf4 Nf8 20. Re1 Re8 21. dxc5 Qxc5 22. Qc2 b5 {Mazur,
O-Suarez Calvo,A (1924) Herceg Novi 2005 0-1 (42)}) ({RR} 8. Bb2 O-O 9. Nf4 Bg4
10. f3 Bd7 11. O-O Rb8 12. Nfe2 a6 13. d4 cxd4 14. exd4 b5 15. cxb5 axb5 16.
Ne4 Nd5 17. Qd2 Qb6 18. Kh1 Rfc8 19. N4c3 Nxc3 20. Bxc3 Rc7 21. Bb2 Rbc8 22.
Rfc1 Bf5 {Vdovichenko,V-Melnichuk,S Kiev 2005 1-0 (37)}) 8... O-O 9. d4 d5 10.
Nf4 dxc4 11. Nxe6 fxe6 12. O-O cxd4 13. exd4 Qxd4 14. Qe1 Qe5 15. Be3 Nd5 16.
Nxd5 exd5 17. Rd1 d4 18. Bxc6 dxe3 19. Bd5+ e6 20. Bxc4 exf2+ 21. Rxf2 Qxe1+
22. Rxe1 Bd4 23. Bxe6+ Kg7 24. Ref1 Rxf2 25. Rxf2 Rf8 0-1

[Event "Floripa Chess Open 2024"]
[Site "Florianopolis"]
[Date "2024.01.22"]
[Round "3.32"]
[White "Ferreira, Andrei Dias"]
[Black "Aranha Filho, Alvaro Z."]
[Result "0-1"]
[WhiteElo "1977"]
[BlackElo "2201"]
[PlyCount "96"]
[EventDate "2024.01.20"]
[EventRounds "10"]
[EventCountry "BRA"]

1. e4 c5 2. Nf3 Nc6 3. d4 cxd4 4. Nxd4 Nf6 5. Nc3 e5 6. Ndb5 d6 7. Bg5 a6 8.
Na3 b5 9. Nd5 Be7 10. Bxf6 Bxf6 11. c4 b4 12. Nc2 a5 13. Qf3 Be6 14. Nxf6+ ({RR
} 14. Rd1 Bxd5 15. cxd5 Na7 16. g3 Rc8 17. Ne3 O-O 18. h4 Rc5 19. Bd3 Nc8 20.
O-O Qc7 21. Qe2 Nb6 22. Bb5 g6 23. a3 Bg7 24. axb4 axb4 25. Bd3 Nd7 26. Nc4 Rc8
27. Nd2 Ra5 28. Nb3 Raa8 {Nakamura,H (2746)-Caruana,F (2828) Saint Louis USA
2019 1/2-1/2 (31)}) 14... Qxf6 15. Qxf6 gxf6 16. b3 $146 ({RR} 16. O-O-O Ke7
17. b3 a4 18. Kb2 Ra7 19. Bd3 Rha8 20. Ra1 Kd7 21. Rhd1 Kc7 22. Be2 Ra5 23. g4
Rd8 24. Rd3 Rg8 25. h3 axb3 26. axb3 Rxa1 27. Kxa1 h5 28. Kb2 hxg4 29. hxg4 Rh8
30. f3 Rh2 {Fischer,D (2276)-Dardha,D (2516) Bassano del Grappa ITA 2021 1/2-1/
2 (50)}) ({RR} 16. Rd1 Ke7 17. Be2 a4 18. h3 b3 19. axb3 axb3 20. Ne3 Nd4 21.
Bg4 Ra2 22. Rb1 Rha8 23. Kd2 R2a4 24. Rhc1 R8a5 25. Bd1 Rc5 26. Rc3 Bxc4 27.
Rbc1 Be6 28. Rxc5 dxc5 29. Rxc5 Kd6 30. Rc1 Ra2 {Krzywda,A (2234)-Skliarov,V  
(2349) chess.com INT 2023 0-1 (47)}) ({RR} 16. Bd3 Ke7 17. b3 a4 18. Kd2 Ra5
19. g3 Rha8 20. f4 axb3 21. axb3 Nd4 22. Rab1 Ra2 23. f5 Bd7 24. Kc1 Nxc2 25.
Bxc2 Bc6 26. Rb2 Ra1+ 27. Rb1 R1a3 28. Re1 Kd7 29. Kd2 Ra2 30. Re2 Kc7 {
Larina,M (2074)-Shumiakina,T (2334) St Petersburg 2009 0-1 (50)}) 16... a4 17.
Bd3 axb3 18. axb3 Rxa1+ 19. Nxa1 Nd4 20. Nc2 Nxb3 21. Nxb4 Kd7 22. Nd5 Nc5 23.
Bb1 Bxd5 24. cxd5 Rb8 25. O-O Rb2 26. Rd1 Ke7 27. g4 Rb4 28. Re1 Kf8 29. Kg2
Kg7 30. Kg3 Rb3+ 31. f3 Rb2 32. h3 Rd2 33. Rf1 h6 34. Rf2 Rd1 35. Bc2 Rc1 36.
h4 Kg6 37. h5+ Kg5 38. Rd2 Ra1 39. Bd1 Ra3 40. Bc2 Rc3 41. Rf2 Ra3 42. Rd2 Rc3
43. Rf2 f5 44. gxf5 Nd7 45. Kg2 Nf6 46. f4+ exf4 47. e5 Ng4 48. exd6 Kf6 0-1

[Event "Floripa Chess Open 2024"]
[Site "Florianopolis"]
[Date "2024.01.22"]
[Round "3.33"]
[White "Mesquita, Guilherme"]
[Black "Rodi, Luis Ernesto"]
[Result "0-1"]
[WhiteElo "1975"]
[BlackElo "2196"]
[PlyCount "99"]
[EventDate "2024.01.20"]
[EventRounds "10"]
[EventCountry "BRA"]

1. e4 e5 2. Nf3 Nc6 3. Bb5 a6 4. Ba4 d6 5. c3 f5 6. d3 Nf6 7. Qe2 Be7 8. O-O ({
RR} 8. Bb3 Na5 9. Bc2 O-O 10. exf5 Bxf5 11. Nbd2 Kh8 12. Nf1 Nd5 13. h3 Nc6 14.
Bd2 Bg6 15. Bb3 Nf4 16. Bxf4 Rxf4 17. Bd5 Qd7 18. Ng3 Raf8 19. O-O Nd8 20. Nd2
c6 21. Bf3 Ne6 22. Bg4 Bd8 {Mateo,R (2437)-Otero Acosta,D (2381) Santa Clara
2003 1/2-1/2 (46)}) ({RR} 8. Nbd2 O-O 9. Bb3+ Kh8 10. Nc4 f4 11. h3 b5 12. Ncd2
Na5 13. Bc2 c5 14. d4 cxd4 15. cxd4 Qc7 16. Bd3 Nc6 17. a3 exd4 18. O-O Nd7 19.
b4 Nde5 20. Bb2 Qb6 21. Rfd1 Be6 22. Ne1 g5 {Lewicki,M (2336)-Gombocz,F (2277)
Krakow POL 2023 0-1 (37)}) 8... O-O 9. Bb3+ Kh8 10. Ng5 Qe8 $146 ({RR} 10... d5
11. exd5 Nxd5 12. Qh5 Bxg5 13. Bxg5 Nf6 14. Qe2 Qe8 15. Nd2 Qg6 16. f4 Nh5 17.
Rf3 Bd7 18. Rh3 Nxf4 19. Bxf4 exf4 20. Qf2 Qg5 21. Rf1 Rae8 22. d4 Re3 23. Rf3
Rfe8 24. Bd1 Rxf3 25. Bxf3 {Farago,S (2365)-Biro,S (2340) Balatonbereny 1996
1-0 (38)}) ({RR} 10... d5 11. exd5 Nxd5 12. Qh5 Bxg5 13. Bxg5 Nf6 14. Qh4 f4
15. Na3 Ne7 16. Bxf6 Rxf6 17. Rfe1 Ng6 18. Qh5 f3 19. g3 Rf5 20. Qg4 Rf4 21.
Qh5 Bg4 22. Qxg6 hxg6 23. gxf4 Qh4 24. Kh1 Qxf2 {0-1 (24) Menager,E (2087)
-Ollier,P (2293) Avoine 2010}) 11. Ne6 Bxe6 12. Bxe6 f4 13. Nd2 Qg6 14. Bf5 Qh6
15. f3 g6 16. Bh3 Nd8 17. d4 Nf7 18. Be6 Ng5 19. Bb3 Qg7 20. dxe5 dxe5 21. g3
Bc5+ 22. Kh1 fxg3 23. hxg3 Nh5 24. Kg2 Qd7 25. Rh1 Rad8 26. Bd1 Ba7 27. Qe1 Qe6
28. Be2 Rd7 29. b3 Qf6 30. Rf1 Ne6 31. Nc4 Rfd8 32. Ne3 c6 33. Ng4 Qe7 34. Nxe5
Bb8 35. f4 Bxe5 36. Bxh5 Bg7 37. Bf3 Rd3 38. e5 Qc5 39. Be4 Qxc3 40. Qxc3 Rxc3
41. Rf3 Rxf3 42. Kxf3 Bf8 43. Be3 Kg7 44. g4 Bc5 45. Rc1 Nd4+ 46. Bxd4 Bxd4 47.
Rd1 Bb6 48. Rxd8 Bxd8 49. f5 Bc7 50. e6 0-1

[Event "Floripa Chess Open 2024"]
[Site "Florianopolis"]
[Date "2024.01.22"]
[Round "3.34"]
[White "Da Silva, Lucas Pereira Mende"]
[Black "Marra, Eduardo Da Costa"]
[Result "1-0"]
[WhiteElo "1974"]
[BlackElo "2189"]
[PlyCount "99"]
[EventDate "2024.01.20"]
[EventRounds "10"]
[EventCountry "BRA"]

1. d4 d5 2. c4 e6 3. Nc3 Be7 4. e4 dxe4 5. Nxe4 Nf6 6. Nxf6+ Bxf6 7. Nf3 O-O ({
RR} 7... c5 8. Be3 cxd4 9. Bxd4 Bxd4 10. Qxd4 Qxd4 11. Nxd4 Bd7 12. O-O-O Ke7
13. Be2 Nc6 14. f3 Nxd4 15. Rxd4 Bc6 16. Rhd1 Rad8 17. Rxd8 Rxd8 18. Rxd8 Kxd8
19. Kd2 {1/2-1/2 (19) Malaniuk,V (2465)-Azmaiparashvili,Z (2460) Minsk  
(Belarus) 1985}) ({RR} 7... b6 8. Be2 Bb7 9. O-O O-O 10. Be3 Nd7 11. Qc2 c5 12.
Rad1 cxd4 13. Nxd4 Qe7 14. Rfe1 Rfd8 15. Qb1 Ne5 16. b4 Rac8 17. c5 bxc5 18.
bxc5 Rxc5 19. Nf5 exf5 20. Bxc5 Qxc5 21. Rxd8+ Bxd8 22. Qxb7 {Soares,J (1983)
-El Zwei,A Florianopolis BRA 2024 1-0}) 8. Bd3 Nc6 9. Be3 Qd6 $146 ({RR} 9...
Nb4 10. Be4 c5 11. O-O cxd4 12. Nxd4 Qc7 13. Qb3 Na6 14. Qc2 h6 15. Nb5 Qe7 16.
Rad1 Nc5 17. Bf3 Be5 18. b4 Na6 19. a3 Nc7 20. Nxa7 Qh4 21. g3 Qf6 22. Bg2 Rxa7
23. Bxa7 Bb2 24. Rb1 {Matorkin,D (1867)-Revidovich,A Rybinsk 2009 1-0 (31)}) ({
RR} 9... h6 10. Bc2 Ne7 11. O-O b6 12. Ne5 Bxe5 13. dxe5 Qxd1 14. Raxd1 Ba6 15.
b3 Rad8 16. g4 Nc6 17. f4 Nb4 18. Bb1 Nd5 19. cxd5 Bxf1 20. Kxf1 exd5 21. b4 g6
22. f5 g5 23. h4 gxh4 24. Bxh6 {Le,M (1916)-Dang,A Ho Chi Minh City 2016 1-0  
(43)}) 10. Qd2 e5 11. d5 Nd4 12. Bxd4 exd4 13. O-O Re8 14. Rae1 Bd7 15. Ng5
Bxg5 16. Qxg5 h6 17. Qh4 c5 18. f4 Re3 19. Rxe3 dxe3 20. f5 f6 21. Qf4 Qe7 22.
Re1 Re8 23. g4 Qe5 24. Qxe5 Rxe5 25. Kg2 g5 26. Kf3 Kf7 27. Be4 Ke7 28. Rxe3
Kd6 29. Ra3 a6 30. Rb3 Ba4 31. Rb6+ Kc7 32. Rxf6 Bd1+ 33. Ke3 Bxg4 34. b4 b6
35. bxc5 bxc5 36. Kd3 Be2+ 37. Ke3 Bxc4 38. Rc6+ Kd7 39. Rxc5 Bb5 40. Kd4 Re8
41. f6 Kd6 42. f7 Rb8 43. Rc2 Ke7 44. Rf2 Rf8 45. Bg6 g4 46. Rf4 Bd7 47. Bh5
Rb8 48. Ke5 Kf8 49. Kd6 Rb7 50. Re4 1-0

[Event "Floripa Chess Open 2024"]
[Site "Florianopolis"]
[Date "2024.01.22"]
[Round "3.35"]
[White "Marques, Eudes Pinto"]
[Black "Gauche, Charles"]
[Result "0-1"]
[WhiteElo "1863"]
[BlackElo "2182"]
[PlyCount "92"]
[EventDate "2024.01.20"]
[EventRounds "10"]
[EventCountry "BRA"]

1. c4 e5 2. Nc3 Nf6 3. e3 Bb4 4. Nge2 O-O 5. a3 Be7 6. d4 d6 7. Ng3 ({RR} 7. g3
h5 8. h3 c6 9. Bg2 Be6 10. b3 Qc8 11. Bb2 Na6 12. Rc1 Nc7 13. f4 exf4 14. Nxf4
h4 15. gxh4 Bf5 16. e4 Bh7 17. O-O Ne6 18. Qd2 Nxf4 19. Qxf4 Nh5 20. Qf3 Bg6
21. Nd1 Bxh4 {Jakubowski,K (2475)-Khalafova,N (2246) chess.com INT 2023 1-0})
7... c6 8. Be2 Re8 9. O-O Qc7 $146 ({RR} 9... Nbd7 10. b4 Qc7 11. Bb2 Nf8 12.
Rc1 Ng6 13. d5 Bd7 14. Qb3 Rac8 15. Rfd1 Qb8 16. h3 cxd5 17. cxd5 h6 18. a4 Nh4
19. Bb5 Bxb5 20. Nxb5 a6 21. Nc3 b5 22. axb5 axb5 23. Ra1 Bd8 24. Ra6 {
Timofeev,A (2589)-Firouzja,A (2607) St Petersburg RUS 2018 0-1 (75)}) ({RR} 
9... Nbd7 10. b4 Qc7 11. Bb2 Nf8 12. Rc1 Ng6 13. d5 Bd7 14. Qb3 Rac8 15. Rfd1
Qb8 16. h3 cxd5 17. cxd5 h6 18. a4 Nh4 19. Bb5 Bxb5 20. Nxb5 a6 21. Nc3 b5 22.
axb5 axb5 23. Ra1 Bd8 24. Ra6 {Timofeev,A (2589)-Firouzja,A (2607) St
Petersburg RUS 2018 0-1 (75)}) 10. b4 Bf8 11. Bf3 Be6 12. d5 cxd5 13. Nxd5 Nxd5
14. cxd5 Bd7 15. e4 g6 16. h4 Rc8 17. Bg4 a5 18. bxa5 Rxa5 19. Qf3 Bg7 20. Bd2
Rc5 21. Rfc1 Na6 22. Be3 Rxc1+ 23. Rxc1 Nc5 24. h5 b6 25. Rc3 Ra8 26. h6 Bf8
27. Bg5 Bxg4 28. Qxg4 Ra4 29. f4 exf4 30. Qxf4 Qd7 31. Bf6 Qe8 32. Re3 Nd7 33.
Nh5 Qc8 34. Rf3 Qe8 35. Bb2 f5 36. Qg5 Be7 37. Nf6+ Bxf6 38. Bxf6 Rxe4 39. Rxf5
Re1+ 40. Kh2 Qe3 41. Rf3 Qxg5 42. Bxg5 Re5 43. Bf4 Rxd5 44. Re3 Kf7 45. Rc3 Nc5
46. Rf3 Ke6 0-1

[Event "Floripa Chess Open 2024"]
[Site "Florianopolis"]
[Date "2024.01.22"]
[Round "3.36"]
[White "Takano, Nicholas Ryo"]
[Black "Cezar, Ricardo De Almeida"]
[Result "1-0"]
[WhiteElo "2172"]
[BlackElo "1809"]
[PlyCount "73"]
[EventDate "2024.01.20"]
[EventRounds "10"]
[EventCountry "BRA"]

1. Nf3 d5 2. g3 c6 3. Bg2 Bg4 4. O-O e6 5. d3 Nd7 6. h3 Bh5 ({RR} 6... Bxf3 7.
Bxf3 Bd6 8. e4 Ne7 9. Bg2 O-O 10. Nc3 a5 11. a4 Qb6 12. Kh1 Rad8 13. Qe2 Rfe8
14. f4 Bc5 15. Nd1 dxe4 16. dxe4 e5 17. f5 Nc8 18. Bg5 f6 19. Bd2 Nd6 20. b3
Nf7 21. Ne3 {Salman,P (2287)-Rakhmanov,A (2635) chess.com INT 2023 0-1 (92)})
7. Nc3 ({RR} 7. e4 Bd6 8. exd5 cxd5 9. c4 Ne7 10. Nc3 O-O 11. cxd5 exd5 12. Re1
Rc8 13. d4 h6 14. Qb3 Nb6 15. Ne5 Nc6 16. g4 Bxe5 17. dxe5 Bg6 18. Be3 d4 19.
Rad1 d3 20. Nb5 Na5 21. Qb4 Nd5 {Kramnik,V (2769)-Adams,M (2745) London 2014
0-1 (37)}) 7... Ngf6 8. e4 Ne5 $146 ({RR} 8... Be7 9. Qe1 dxe4 10. dxe4 O-O 11.
a4 Bb4 12. Bd2 Qa5 13. Nb1 Bxd2 14. Qxd2 Qc7 15. Nc3 Rfd8 16. Qe3 Nb6 17. b3
Nbd7 18. a5 Bxf3 19. Bxf3 e5 20. Bg2 Nf8 21. a6 b6 22. Ne2 Ne6 23. f4 {Masip
Tressera,O (2052)-Colom Andres,X (1844) Barcelona 2016 1-0 (60)}) 9. g4 Nxf3+
10. Qxf3 dxe4 11. dxe4 Bg6 12. Be3 Bb4 13. Bg5 Be7 14. Rad1 Qc7 15. Qe3 h6 16.
Bf4 e5 17. Bg3 Nd7 18. Kh1 Nf8 19. Ne2 Ne6 20. f4 exf4 21. Nxf4 Nxf4 22. Bxf4
Qb6 23. Qc3 O-O 24. Rd7 Bf6 25. e5 Rad8 26. exf6 Rxd7 27. fxg7 Rfd8 28. Qf3
Qxb2 29. Bxh6 Qxc2 30. Kh2 Rd1 31. Qf6 Re8 32. Rf2 Re2 33. Qf4 Rd8 34. Qc7 Rde8
35. Qd6 Kh7 36. Qf8 Kxh6 37. g8=N+ 1-0

[Event "Floripa Chess Open 2024"]
[Site "Florianopolis"]
[Date "2024.01.22"]
[Round "3.37"]
[White "Ferreira, Rodrigo Maycon Mira"]
[Black "De Borba, Gabriel"]
[Result "0-1"]
[WhiteElo "1754"]
[BlackElo "2171"]
[PlyCount "78"]
[EventDate "2024.01.20"]
[EventRounds "10"]
[EventCountry "BRA"]

1. g4 d5 2. Bg2 Bxg4 3. c4 c6 4. cxd5 cxd5 5. Qb3 Nf6 ({RR} 5... Qd7 6. Bxd5
Be6 7. Bxe6 fxe6 8. Nf3 Nc6 9. Nc3 Nf6 10. d4 g6 11. Bf4 Bg7 12. O-O-O O-O 13.
Ne5 Qc8 14. Kb1 Nxe5 15. Bxe5 Qc6 16. h4 Nd5 17. Bxg7 Kxg7 18. f3 Nxc3+ 19.
bxc3 Rac8 20. Kc2 {Bacrot,E (2672)-Piesik,P (2404) chess.com INT 2021 0-1 (44)}
) 6. Nc3 e6 7. d3 $146 ({RR} 7. Qxb7 Nbd7 8. d3 Be7 9. Nf3 O-O 10. Bf4 Qb6 11.
Qxb6 axb6 12. O-O Rfc8 13. h3 Bh5 14. Rfc1 h6 15. Bh2 Ra5 16. Nd4 Bc5 17. Nb3
Ra6 18. Kf1 g5 19. Nb5 e5 20. d4 exd4 21. N3xd4 Re8 {De la Fontaine,C (2062)
-Caille,H (1792) Avoine 2013 1-0 (51)}) ({RR} 7. Qxb7 Nbd7 8. d4 Be7 9. Bf4 O-O
10. Nf3 Qb6 11. Qxb6 Nxb6 12. Ne5 Bf5 13. Nc6 Rfe8 14. Nb5 Nh5 15. Be5 f6 16.
Bd6 Bxd6 17. Nxd6 Nf4 18. Bf3 Rf8 19. b3 Bg6 20. h4 Nc8 21. Nxc8 Raxc8 {
Dubov,D (2710)-Danielyan,V (2317) chess.com INT 2023 1-0 (40)}) ({RR} 7. Qxb7
Nbd7 8. d4 Qc8 9. Qxc8+ Rxc8 10. Bd2 Be7 11. f3 Bh5 12. Nh3 Nb6 13. Nf4 Nc4 14.
b3 Nxd2 15. Kxd2 Bb4 16. Rhc1 Kd7 17. Nxh5 Nxh5 18. e3 a6 19. Bf1 Rc6 20. a3
Bd6 21. b4 Bxh2 {Stosevski,I (2108)-Nikolovska,D (1880) Skopje 2014 1-0 (31)})
7... Qb6 8. Be3 Qxb3 9. axb3 a6 10. Nb5 Kd7 11. h3 Bh5 12. Nf3 Nc6 13. Nbd4 Bd6
14. O-O Rac8 15. Nxc6 Rxc6 16. Nd4 Rc7 17. Rfc1 Rhc8 18. Rxc7+ Rxc7 19. Rc1 Be5
20. Rxc7+ Kxc7 21. Kf1 Nd7 22. f4 Bf6 23. b4 Kd6 24. b3 Bxd4 25. Bxd4 f6 26.
Ke1 e5 27. Be3 Bf7 28. Bd2 Nb8 29. Kd1 Nc6 30. fxe5+ fxe5 31. e3 d4 32. Kc2
dxe3 33. Bxe3 Nxb4+ 34. Kd2 Bd5 35. Bf1 Bxb3 36. Bf2 Nc6 37. Bg3 h5 38. Kc3 Bd5
39. Be2 b5 0-1

[Event "Floripa Chess Open 2024"]
[Site "Florianopolis"]
[Date "2024.01.22"]
[Round "3.38"]
[White "Farias, Robson Da Costa"]
[Black "Labussiere, Yago"]
[Result "0-1"]
[WhiteElo "1721"]
[BlackElo "2167"]
[PlyCount "150"]
[EventDate "2024.01.20"]
[EventRounds "10"]
[EventCountry "BRA"]

1. e4 c5 2. Nf3 Nc6 3. d4 cxd4 4. Nxd4 Nf6 5. Nc3 e5 6. Nxc6 bxc6 7. Bd3 Be7 8.
O-O O-O 9. Qf3 $146 ({RR} 9. Kh1 d5 10. Qe1 Qc7 11. f4 d4 12. Ne2 c5 13. b3
exf4 14. Bxf4 Bd6 15. Qh4 Bxf4 16. Rxf4 Qe5 17. Rf3 Qh5 18. Qxh5 Nxh5 19. h3
Nf6 20. Raf1 Bb7 21. Ng3 Rae8 22. Rf5 Rc8 23. Rg5 h6 {Jarquin,M-Anguiano,R
Caracas 1976 0-1 (41)}) ({RR} 9. b3 d5 10. Bb2 Be6 11. Qe2 Nd7 12. f4 exf4 13.
exd5 cxd5 14. Rxf4 Bd6 15. Nxd5 Qg5 16. Qe4 g6 17. Nf6+ Nxf6 18. Rxf6 Bd5 19.
Qe2 Rae8 20. Qf1 Re6 21. Rf2 Qh4 22. g3 Bxg3 23. Re2 Bc7 {Kofidis,A (2405)
-Nikolaidis,I (2495) Greece 1995 0-1}) ({RR} 9. Bg5 Bb7 10. Re1 Qc7 11. Qe2
Rfe8 12. Rad1 Rad8 13. Ba6 Bxa6 14. Qxa6 Rb8 15. b3 Bb4 16. Qc4 Qa5 17. Bxf6
Bxc3 18. Rxd7 Re6 19. Bd8 Rxd8 20. Rxd8+ Qxd8 21. Qxc3 g6 22. h3 Qd6 23. Qd3
Qa3 {Denisik,S-Nafri,K (2055) Caleta 2013 1/2-1/2 (56)}) ({RR} 9. f4 d6 10. Kh1
Rb8 11. fxe5 dxe5 12. a3 Be6 13. Qe2 Qc7 14. Nd1 Bg4 15. Qf2 c5 16. b3 Be6 17.
Ne3 Rfd8 18. Nc4 Nd7 19. Bd2 Nb6 20. Ba5 Bg5 21. Rad1 f6 22. Ne3 Rf8 23. Bc4
Bxc4 {Tiefenbacher,R-Craciun,V Kuortane 1976 1/2-1/2 (39)}) 9... d6 10. h3 Be6
11. Re1 Rb8 12. Ne2 Nd7 13. g4 Bg5 14. b3 Bxc1 15. Raxc1 d5 16. Ng3 g6 17. c4
d4 18. Red1 c5 19. Kg2 Nb6 20. Qe2 Qh4 21. Rh1 Qg5 22. Rcd1 f6 23. Qd2 Qxd2 24.
Rxd2 Nd7 25. f3 Rb7 26. h4 Rfb8 27. h5 Nf8 28. h6 a5 29. Bc2 a4 30. Ne2 axb3
31. Bxb3 Kf7 32. Nc1 Ke7 33. Nd3 Kd6 34. Kg3 g5 35. Rhh2 Ng6 36. Rh1 Nf4 37.
Nxf4 exf4+ 38. Kf2 Ke5 39. Ke2 Rb4 40. Rc1 Rg8 41. Rdc2 Rgb8 42. Rd1 Rxb3 43.
axb3 Rxb3 44. Rd3 Rb4 45. Ra3 Bxc4+ 46. Kd2 d3 47. Rxc4 Rxc4 48. Kxd3 Rd4+ 49.
Kc3 Rd1 50. Ra7 Rf1 51. Re7+ Kd6 52. Rxh7 Rxf3+ 53. Kd2 Ke6 54. Rh8 Kf7 55. Rc8
Kg6 56. Rc6 Rg3 57. h7 Kxh7 58. Rxf6 Rxg4 59. e5 Rg3 60. Rf5 Kg6 61. Rf6+ Kh5
62. Rc6 Re3 63. Rxc5 Kg4 64. Rd5 Kg3 65. e6 g4 66. Rd3 Kf2 67. Rd4 f3 68. Rxg4
Rxe6 69. Rg5 Rd6+ 70. Kc2 Ke1 71. Re5+ Kf1 72. Re8 Rg6 73. Rf8 Kg2 74. Kd2 f2
75. Ke2 Re6+ 0-1

[Event "Floripa Chess Open 2024"]
[Site "Florianopolis"]
[Date "2024.01.22"]
[Round "3.39"]
[White "Bueno, Alfeu Junior Varela"]
[Black "Machado, Luiz Fernando"]
[Result "1-0"]
[WhiteElo "2156"]
[BlackElo "1737"]
[PlyCount "83"]
[EventDate "2024.01.20"]
[EventRounds "10"]
[EventCountry "BRA"]

1. e4 e5 2. Nf3 Nc6 3. Bc4 Bc5 4. c3 Nf6 5. d4 exd4 6. cxd4 Bb4+ 7. Bd2 Bxd2+
8. Nbxd2 d5 9. exd5 Nxd5 10. Qb3 Na5 11. Qa4+ c6 12. Bxd5 Qxd5 13. Rc1 b6 14.
b4 Nb7 15. Qxc6+ Qxc6 16. Rxc6 Be6 17. O-O O-O 18. a3 Rfd8 19. Rfc1 h6 $146 ({
RR} 19... Nd6 20. Ng5 Bd5 21. R6c3 Nb5 22. Rd3 Rac8 23. Rxc8 Rxc8 24. f3 Nc3
25. Nge4 Ne2+ 26. Kf2 Rc2 27. Ke3 f5 28. Nd6 f4+ 29. Kxe2 Rc6 30. N6e4 Rg6 31.
Kf2 h6 32. g3 fxg3+ 33. hxg3 Rc6 34. g4 {Galliano,G-Mohan,S Swansea 2006 1-0  
(58)}) 20. Nc4 Bd5 21. Rc7 Bxf3 22. gxf3 Nd6 23. Ne5 Rac8 24. Kg2 Rxc7 25. Rxc7
Nb5 26. Rxf7 Rxd4 27. f4 Re4 28. a4 Rxe5 29. fxe5 Kxf7 30. axb5 Ke6 31. f4 g5
32. Kf3 Kf5 33. fxg5 hxg5 34. e6 Kxe6 35. Ke4 Kf6 36. Kd5 g4 37. Kc6 Kg5 38.
Kb7 Kh4 39. Kxa7 Kh3 40. Kxb6 Kxh2 41. Ka6 g3 42. b6 1-0

[Event "Floripa Chess Open 2024"]
[Site "Florianopolis"]
[Date "2024.01.22"]
[Round "3.40"]
[White "Da Silva, Eduardo Batista Q"]
[Black "Fier, Alexandr"]
[Result "0-1"]
[WhiteElo "1905"]
[BlackElo "2549"]
[PlyCount "82"]
[EventDate "2024.01.20"]
[EventRounds "10"]
[EventCountry "BRA"]

1. d4 Nf6 2. c4 g6 3. Nc3 d5 4. cxd5 Nxd5 5. e4 Nxc3 6. bxc3 Bg7 7. Bc4 c5 8.
Ne2 Nc6 9. Be3 O-O 10. O-O Bg4 11. f3 Bd7 12. Qd2 Qc7 ({RR} 12... Qa5 13. Qb2
b5 14. Bd5 cxd4 15. cxd4 Rac8 16. a3 Rfd8 17. Rfc1 Qb6 18. Bf2 Na5 19. Ba2 Nc4
20. Bxc4 Rxc4 21. Rxc4 bxc4 22. Qb4 e6 23. Rc1 Bf8 24. Qc3 Qb3 25. Qxc4 Qxc4
26. Rxc4 Bxa3 27. Rc7 {Korobov,A (2685)-Grandelius,N (2673) chess.com INT 2020
1/2-1/2 (71)}) ({RR} 12... Qa5 13. Rfd1 cxd4 14. cxd4 Qxd2 15. Rxd2 Rfc8 16.
Rb1 Be8 17. Kf2 e6 18. Bb5 Na5 19. Bxe8 Rxe8 20. Rc2 a6 21. Bd2 Nc6 22. Rxb7
Nxd4 23. Rcc7 Nb5 24. Rxf7 Ba1 25. Rxh7 Rab8 26. Rxb8 Rxb8 27. Re7 {Bournel,A 
(2324)-Mekhitarian,K (2554) chess.com INT 2024 1-0 (59)}) 13. Rac1 Rad8 14.
Rfd1 b6 $146 ({RR} 14... Bc8 15. Bh6 Na5 16. Bd3 e5 17. Bxg7 Kxg7 18. f4 f6 19.
fxe5 fxe5 20. h3 b6 21. Qe3 Qe7 22. Qg3 Rde8 23. Bb5 Bd7 24. Bxd7 Qxd7 25. dxe5
Qe7 26. Rd5 Nc6 27. Rcd1 Nxe5 28. Nf4 Kh8 29. Rd6 {Koch,T (2461)-Krause,B  
(2425) Magdeburg GER 2020 1-0 (58)}) ({RR} 14... Na5 15. Bd3 Ba4 16. Re1 b6 17.
Qb2 Qd7 18. Rb1 e5 19. d5 f5 20. c4 Qe7 21. Bd2 fxe4 22. fxe4 Bd7 23. Qa3 Qh4
24. Qc1 Bh3 25. Ng3 Bxg2 26. Bg5 Qh3 27. Bxd8 Rxd8 28. Rb2 Bf3 29. Rf2 {
Reimche,V (2080)-Heck,N (1999) Deizisau GER 2019 1-0 (32)}) 15. Bh6 Na5 16. Bd3
e5 17. Bxg7 Kxg7 18. d5 c4 19. Bb1 Nb7 20. g4 Nd6 21. Ng3 f6 22. h4 b5 23. Kg2
Qc5 24. h5 g5 25. h6+ Kf7 26. Nh5 Ke7 27. Ng7 a5 28. Bc2 Rb8 29. Ne6 Bxe6 30.
dxe6 Rfd8 31. a3 Ne8 32. Qe1 Nc7 33. Rxd8 Rxd8 34. Rd1 Rxd1 35. Qxd1 Nxe6 36.
Qd2 Qxa3 37. Qe3 Qc5 38. Qd2 Nf4+ 39. Kh2 b4 40. cxb4 axb4 41. Ba4 Nd3 0-1

[Event "Floripa Chess Open 2024"]
[Site "Florianopolis"]
[Date "2024.01.22"]
[Round "3.41"]
[White "Flores Quillas, Diego Saul Rodri"]
[Black "Garmendia Vega, Gabriel"]
[Result "1-0"]
[WhiteElo "2429"]
[BlackElo "1937"]
[PlyCount "67"]
[EventDate "2024.01.20"]
[EventRounds "10"]
[EventCountry "BRA"]

1. e4 c5 2. Nf3 d6 3. d4 cxd4 4. Nxd4 Nf6 5. Nc3 a6 6. h3 e5 7. Nde2 h5 8. Bg5
Be6 9. Bxf6 Qxf6 10. Nd5 Qd8 11. Nec3 g6 12. Ne3 Bh6 13. Ncd5 O-O 14. Bc4 Nc6
15. O-O Rc8 16. Bb3 $146 ({RR} 16. c3 Ne7 17. Qd3 Bxe3 18. Nxe3 Rc6 19. Rad1
Bxc4 20. Nxc4 Qc7 21. Ne3 f5 22. exf5 Nxf5 23. Nd5 Qg7 24. Rfe1 Rcc8 25. Re4
Rf7 26. Rb4 Qh6 27. Qd2 Qxd2 28. Rxd2 Rc6 29. a4 Kf8 30. Nb6 Rfc7 {Sychev,K  
(2389)-Gabuzyan,H (2404) Albena 2011 0-1 (63)}) 16... Nd4 17. c3 Nxb3 18. axb3
h4 19. Kh1 f5 20. exf5 gxf5 21. f4 Qe8 22. Qe1 exf4 23. Nxf4 Bxb3 24. Qxh4 Kh7
25. Rae1 Qd8 26. Qh5 Qg5 27. Qf3 Rf7 28. Ned5 Bc2 29. Ne6 Qh4 30. Nd4 Ba4 31.
Nxf5 Qg5 32. Qe4 Rg8 33. Nfe7+ Kg7 34. Qd4+ 1-0